Discapacidad y empoderamiento : análisis de esta potencialidad en función de la tipología y etapa en la que se adquiere la discapacidad (Record no. 170692)
[ view plain ]
| 000 -CABECERA | |
|---|---|
| campo de control de longitud fija | 02134nab a2200301 a 4500 |
| 005 - FECHA Y HORA DE LA ÚLTIMA TRANSACCIÓN | |
| campo de control | 20210219162142.0 |
| 008 - ELEMENTOS DE LONGITUD FIJA--INFORMACIÓN GENERAL | |
| campo de control de longitud fija | 991125s1985 mx 000 0 spa u |
| 035 ## - NÚMERO DE CONTROL DEL SISTEMA | |
| Número de control de sistema | UPN01000198591 |
| 049 ## - COLECCIÓN | |
| Colección | ART-E |
| 100 1# - ASIENTO PRINCIPAL--NOMBRE PERSONAL | |
| Nombre de persona | Suriá Martínez, Raquel |
| 100 1# - ASIENTO PRINCIPAL--NOMBRE PERSONAL | |
| Filiación | raquel.suria@ua.es |
| 222 ## - TÍTULO CLAVE | |
| Título clave | ANUARIO DE PSICOLOGIA |
| 245 ## - MENCIÓN DE TÍTULO | |
| Título | Discapacidad y empoderamiento : análisis de esta potencialidad en función de la tipología y etapa en la que se adquiere la discapacidad |
| 260 ## - PUBLICACIÓN, DISTRIBUCIÓN, ETC. | |
| Lugar de publicación, distribución, etc. | España |
| 300 ## - DESCRIPCIÓN FÍSICA | |
| Extensión | 297-311 |
| 362 0# - FECHAS DE PUBLICACIÓN Y/O DESIGNACIÓN SECUENCIAL | |
| Fecha de publicación y/o designación secuencial | 2013 Vol. 43, no. 3 |
| 336 ## - TIPO DE CONTENIDO | |
| Término de tipo de contenido | texto$2rdacontent |
| 337 ## - TIPO DE MEDIO | |
| Nombre/término del tipo de medio | computadora$2rdamedia |
| 338 ## - TIPO DE SOPORTE | |
| Nombre/término del tipo de soporte | recurso en linea$2rdacarrier |
| 520 3# - NOTA DE RESUMEN, ETC. | |
| Sumario, etc. | En los últimos años, el concepto de empoderamiento está cobrando interés en los programas de apoyo hacia la integración psicosocial de las personas con discapacidad. Esta capacidad implica la posesión de múltiples habilidades que ayudan a las personas a afrontar la adversidad, por lo que, el desarrollo de esta capacidad puede ser prioritario entre estas personas para mejorar su calidad de vida. Los objetivos del estudio analizan la capacidad de empoderamiento de un grupo de personas con discapacidad en función de la tipología, grado y etapa en la que se adquiere la discapacidad. Participaron 98 personas con diferentes tipos de discapacidad (física, intelectual, visual y auditiva). Contestaron la versión española adaptada de la Escala de Rogers, Chamberlin, Ellison y Crean (1997), diseñada para medir esta capacidad. Los análisis indicaron altos niveles de esta capacidad entre los jóvenes, observándose en mayor medida en las personas con discapacidad sobrevenida así como en la discapacidad motora y visual. Esto nos sugiere que esta capacidad puede variar y evolucionar, de ahí la importancia de fomentarla en programas de intervención-acción. |
| 653 0# - TERMINO DE INDIZACION - NO CONTROLADO | |
| Término no controlado | DISCAPACIDAD |
| 653 0# - TERMINO DE INDIZACION - NO CONTROLADO | |
| Término no controlado | EMPODERAMIENTO |
| 653 0# - TERMINO DE INDIZACION - NO CONTROLADO | |
| Término no controlado | POTENCIACION |
| 653 0# - TERMINO DE INDIZACION - NO CONTROLADO | |
| Término no controlado | PROGRAMAS DE INTERVENCION |
| 856 4# - LOCALIZACIÓN Y ACCESO ELECTRÓNICOS | |
| Identificador Uniforme del Recurso | <a href="http://www.raco.cat/index.php/AnuarioPsicologia/article/view/272076/360218">http://www.raco.cat/index.php/AnuarioPsicologia/article/view/272076/360218</a> |
| 905 ## - TIPO DE MATERIAL | |
| Tipo de material | Articulo |
No items available.
